| 000 | 00000nam 2200000za 4500 |
| 001 | 9.822185 |
| 003 | CaOODSP |
| 005 | 20250611103734 |
| 007 | cr ||||||||||| |
| 008 | 160808s2011 onc|||||o f|0| 0 ind d |
| 040 | |aCaOODSP|bfre |
| 043 | |an-cn--- |
| 086 | 1 |aA15-11509/2011Ind-PDF|zA15-11509/2011Id-PDF |
| 245 | 00|a[Bleuets canadiens] |h[ressource électronique] : |b[un vrai goût de nature]. |
| 246 | 13|aBlueberry Kanada : |bRasa Alami Sejati |
| 250 | |a[Édition indonésien]. |
| 260 | |a[Ottawa : |bAgriculture et Agroalimentaire Canada, |cc2011]. |
| 300 | |a2 p. : |bphotographies. |
| 500 | |aTitre français fourni par l'éditeur. |
| 500 | |aPublié aussi en français sous le titre : Bleuets canadiens : un vrai goût de nature. |
| 500 | |aPublié aussi en japonais, coréen, espagnol, chinois, allemand et anglais. |
| 520 | |aLe Canada est le deuxième producteur et exportateur de ces baies délicieuses au monde, après les États-Unis. ... |
| 546 | |aTexte en indonésien. |
| 692 | 07|2gccst|aIndustrie agro-alimentaire |
| 693 | 4|aBleuets |
| 710 | 1 |aCanada. |bAgriculture et agroalimentaire Canada. |
| 775 | 08|tBleuets canadiens : |w(CaOODSP)9.639258 |
| 791 | |t[Canadian blueberries]|eeng|w(CaOODSP)9.822183 |
| 856 | 40|qPDF|s368 Ko|uhttps://publications.gc.ca/collections/collection_2016/aac-aafc/A15-11509-2011-ind.pdf |
| 986 | |aAAFC No. 11508IND |